<Le> rôle de la responsabilité sociale dans le commerce diplomová práca
Enregistré dans:
| Auteur principal: | |
|---|---|
| Collectivité auteur: | |
| Autres auteurs: | |
| Format: | Livre |
| Langue: | français |
| Publié: |
Bratislava
2012
|
| Tags: |
Pas de tags, Soyez le premier à ajouter un tag!
|
MARC
| LEADER | 00000nam$a2200000$$$4500 | ||
|---|---|---|---|
| 001 | 0157571 | ||
| 005 | 20240318114950.0 | ||
| 041 | 0 | |a fre | |
| 044 | |a SK | ||
| 245 | 1 | 0 | |a <Le> rôle de la responsabilité sociale dans le commerce |b diplomová práca |c Petra Zikmundová ; školiteľ: Andrej Přívara |
| 264 | 1 | |a Bratislava |c 2012 | |
| 300 | |a 56 s. | ||
| 100 | 1 | |a Zikmundová, Petra | |
| 700 | 1 | |a Přívara, Andrej, 1983- | |
| 710 | 2 | |a Ekonomická univerzita v Bratislave. Ústav medzinárodných programov | |